Central Library OPAC University of Rajshahi

A sketch of the topography & statistics of Dacca / (Record no. 54619)

MARC details
000 -LEADER
fixed length control field 01243nam a2200337 a 4500
001 - CONTROL NUMBER
control field 54619
003 - CONTROL NUMBER IDENTIFIER
rucl marc code BD-RjUL
005 - DATE AND TIME OF LATEST TRANSACTION
control field 20211209080139.0
008 - FIXED-LENGTH DATA ELEMENTS--GENERAL INFORMATION
fixed length control field 161108s2010 bg ab 001 0 eng
020 ## - INTERNATIONAL STANDARD BOOK NUMBER
International Standard Book Number 9789843316462
035 ## - SYSTEM CONTROL NUMBER
System control number (BD-RjUL)54741
040 ## - CATALOGING SOURCE
Original cataloging agency DLC
Transcribing agency DLC
Modifying agency DLC
-- BD-RjUL
Language of cataloging eng
041 ## - LANGUAGE CODE
Language code of text/sound track or separate title eng
082 ## - DEWEY DECIMAL CLASSIFICATION NUMBER
Edition number 23
Classification number 910.54922
Author mark and year TAS 2010
100 1# - MAIN ENTRY--PERSONAL NAME
Personal name Taylor, James
9 (RLIN) 162909
245 12 - TITLE STATEMENT
Title A sketch of the topography & statistics of Dacca /
Statement of responsibility, etc. by James Taylor ; editor, Sirajul Islam ; chief editor, Sharif uddin Ahmed ; managing editor, A.K.M. Golam Rabbani.
246 3# - VARYING FORM OF TITLE
Title proper/short title Sketch of the topography and statistics of Dacca
250 ## - EDITION STATEMENT
Edition statement Asiatic society ed.
260 ## - PUBLICATION, DISTRIBUTION, ETC. (IMPRINT)
Place of publication, distribution, etc. Dhaka :
Name of publisher, distributor, etc. Asiatic Society of Bangladesh,
Date of publication, distribution, etc. 2010.
300 ## - PHYSICAL DESCRIPTION
Pagination xx, 284 p. :
Illustrations ill. ;
Size 23 cm.
490 0# - SERIES STATEMENT
Series statement Dhaka celebration series, 1608-2008 ;
Volume/sequential designation 4
500 ## - GENERAL NOTE
General note Includes index.
651 #0 - SUBJECT ADDED ENTRY--GEOGRAPHIC NAME
Geographic name Topography Dhaka (Bangladesh)
9 (RLIN) 162910
Geographic name Dhaka (Bangladesh)
General subdivision Surveys.
9 (RLIN) 162911
700 1# - ADDED ENTRY--PERSONAL NAME
Personal name Islam, Sirajul,
Dates associated with a name 1939-
Personal name Ahmed, Sharif Uddin.
710 2# - ADDED ENTRY--CORPORATE NAME
Corporate name or jurisdiction name as entry element Asiatic Society of Bangladesh.
9 (RLIN) 126584
856 ## - ELECTRONIC LOCATION AND ACCESS
Materials specified Dhaka celebration series, 1608-2008 ;
942 ## - ADDED ENTRY ELEMENTS (KOHA)
Source of classification or shelving scheme Dewey Decimal Classification
Koha item type Books
Holdings
Lost status Source of classification or shelving scheme Damaged status Not for loan Collection code Permanent Location Current Location Shelving location Date acquired Source of acquisition Cost, normal purchase price Total Checkouts Full call number Date last seen Copy number Koha item type
  Dewey Decimal Classification     Non-fiction Central Library, University of Rajshahi Central Library, University of Rajshahi     Dhaka,Asiatic asiatic society of Ba. 500.00   910.54922 TAS 2010 08/11/2016 C-2 Books
  Dewey Decimal Classification   Not For Loan Non-fiction Central Library, University of Rajshahi Central Library, University of Rajshahi Reading Room 16/04/2012 Dhaka, asiatic society of bangladesh 500.00   910.54922 TAS 2010 11/04/2017 C-1 Books